Countries by Future GDP (PPP) - Statistics

General Stats
  • This quiz has been taken 145 times
  • The average score is 43 of 45
Answer Stats
2030 % Correct
1 China East Asia
99%
1 China East Asia
99%
1 China East Asia
99%
11 France Western Europe
99%
12 France Western Europe
99%
11 France Western Europe
99%
2 United States Northern America
99%
3 United States Northern America
99%
3 United States Northern America
99%
14 Canada Northern America
97%
6 Germany Central Europe
97%
7 Germany Central Europe
97%
6 Germany Central Europe
97%
3 India South Asia
97%
2 India South Asia
97%
2 India South Asia
97%
5 Indonesia Southeast Asia
97%
4 Indonesia Southeast Asia
97%
4 Indonesia Southeast Asia
97%
4 Japan East Asia
97%
5 Japan East Asia
97%
7 Japan East Asia
97%
10 United Kingdom Western Europe
97%
11 United Kingdom Western Europe
97%
8 United Kingdom Western Europe
97%
14 Italy Southern Europe
96%
13 Italy Southern Europe
96%
12 Mexico Central America
96%
10 Mexico Central America
96%
12 Mexico Central America
96%
7 Russia Eastern Europe
95%
9 Russia Eastern Europe
95%
9 Russia Eastern Europe
95%
13 South Korea East Asia
95%
14 South Korea East Asia
95%
15 Spain Western Europe
95%
8 Brazil South America
94%
8 Brazil South America
94%
10 Brazil South America
94%
13 Australia Oceania
92%
15 Saudi Arabia West Asia
92%
15 Egypt North Africa
91%
9 Turkey West Asia
91%
6 Turkey West Asia
91%
5 Turkey West Asia
91%
No matching quizzes found
Score Distribution
Percent of People with Each Score
Percentile by Number Answered
Your Score History
You have not taken this quiz